Связь вида текстуры стружки с формой зоны деформации; Известия вузов. Машиностроение; № 11

מידע ביבליוגרפי
Parent link:Известия вузов. Машиностроение.— , 1958-2008, 2011-2013.— 0536-1044
№ 11.— 1963.— С. 177-183
מחבר ראשי: Садчиков В. И.
שפה:רוסית
יצא לאור: 1963
נושאים:
פורמט: Book Chapter
KOHA link:https://koha.lib.tpu.ru/cgi-bin/koha/opac-detail.pl?biblionumber=576238

MARC

LEADER 00000naa2a2200000 4500
001 576238
005 20231101130233.0
035 |a (RuTPU)RU\TPU\prd\275313 
035 |a RU\TPU\tpu\6956 
090 |a 576238 
100 |a 20180214a1963 k y0rusy50 ca 
101 0 |a rus 
102 |a RU 
200 1 |a Связь вида текстуры стружки с формой зоны деформации  |f В. И. Садчиков 
320 |a Библиогр.: 7 назв. 
461 |0 (RuTPU)RU\TPU\prd\188  |x 0536-1044  |t Известия вузов. Машиностроение  |d 1958-2008, 2011-2013 
463 |0 (RuTPU)RU\TPU\prd\124417  |t № 11  |v С. 177-183  |d 1963 
610 1 |a стружка 
610 1 |a деформация 
610 1 |a труды учёных ТПУ 
700 1 |a Садчиков  |b В. И. 
801 0 |a RU  |b 63413507  |c 20011210  |g PSBO 
801 2 |a RU  |b 63413507  |c 20180214  |g PSBO 
942 |c BK